Culture Générale - Série 2416 - Statistiques

Statistiques générales
  • Ce quiz a été pris 102 fois
  • Le résultat moyen est 4 sur 10
Statistiques - réponses
Question Réponse % Correct
Carburant utilisé dans l'aviation pour alimenter les turboréacteurs et les turbopropulseurs kérosène
78%
De quel pays Maputo est-elle la capitale ? Mozambique
63%
De quel pays Maseru est-elle la capitale ? Lesotho
59%
Quel est le principal port d'Athènes ? Le Pirée
54%
Quel est le nom du groupe scandinave ayant interprété en 1997 " Barbie girl" ? Aqua
45%
Nourriture nécessaire à la subsistance; ration, portion de chacun pour un repas, une journée - 7 lettres commençant par " p " pitance
33%
Formation végétale caractéristique des régions méditerranéennes, proche du maquis. garrigue
28%
Traiter quelqu'un avec rudesse, en le réprimandant ou en le repoussant. - 8 lettres commençant par " r " rabrouer
27%
Barre rigide fixée à l'horizontale à la base du mât d'un bateau permettant le maintien ou l'orientation de la grand-voile ou du foc. 4 lettres commençant par " b " bôme
21%
Sous quel prénom et nom connait-on mieux l'actrice Maria-Magdalena Vladimirovna Gagarine ? voir photo Macha Méril
20%
Aucun quiz correspondant
Distribution des résultats
% des personnes avec chaque résultat
Percentile par nombre de réponses
Votre historique - résultats
Vous n’avez pas pris ce quiz